| 000 | 01245cab a2200265 4500 | ||
|---|---|---|---|
| 001 | E91034 | ||
| 008 | 090401t1997 xxu||||| |||| 00| 0 eng d | ||
| 035 | _a(Sirsi) u85494 | ||
| 041 | _aeng | ||
| 245 | _aBroadland Properties Estates Ltd v Grant | ||
| 260 | _c1997 | ||
| 350 | _a0 | ||
| 490 |
_aScottish Land Court Reports _v1997 SLCR 1-22(22) |
||
| 520 | _aFirst Division. 13 February 1997. Agricultural holding - rent dtermined by arbiter - appeal against arbiter`s award - grounds of appeal not limited to any matter in statement of case before arbiter - obligation on tenant in lease to install drainage scheme - whether tenant`s improvement to be left out of account in determining the rent - sections 5 and 13 of the Agricultural Holdings (Scotland) Act 1991 - requisition for a stated case by the landlords. | ||
| 650 | _aAGRICULTURAL HOLDINGS (SCOTLAND) ACT 1991 | ||
| 650 | _aAGRICULTURAL HOLDINGS | ||
| 650 | _aARBITER | ||
| 650 | _aMANAGEMENT-DISPUTE AVOIDANCE, MANAGEMENT AND RESOLUTION-DISPUTE MANAGEMENT AND RESOLUTION-ARBITRATION | ||
| 650 | _aSCOTLAND | ||
| 650 | _aSLC | ||
| 650 | _aTENANT`S IMPROVEMENTS | ||
| 690 | _aLANDLORD AND TENANT-CASE LAW-AGRICULTURAL TENANCIES | ||
| 942 | _n0 | ||
| 948 | _c08/04/1998 | ||
| 999 |
_c53758 _d53758 |
||